000 00580nam a2200205Ia 4500
003 GCL
008 140319s9999 xx 000 0 ara d
040 _aGCL /
_cGCL
082 0 4 _aد
_b050
100 1 _aمحمد سعيد
245 1 0 _aالبيئة ومشكلاتها (عالم المعرفة 22) /
_cمحمد سعيد
700 1 _aرشيد الحمد
300 _a323 ص
490 _aعالم المعرفة
_v0
650 0 4 _aالبيئة
650 0 4 _aتلوث البيئة
650 0 4 _aحماية البيئة
650 0 4 _aالبيئة - علم
942 _2ddc
_cBK
999 _c50241
_d50241